Vienna Metro Stations - Statistics

General Stats
  • This quiz has been taken 528 times
    30 since last reset
  • The average score is 46 of 99
Answer Stats
Answer % Correct
Floridsdorf
73%
Karlsplatz
73%
Landstraße - Wien Mitte
73%
Museumsquartier
73%
Schottenring
73%
Schottentor
73%
Stephansplatz
73%
Südtiroler Platz - Hauptbahnhof
73%
Westbahnhof
73%
Messe - Prater
67%
Oberlaa
67%
Ottakring
67%
Praterstern
67%
Rathaus
67%
Schönbrunn
67%
Schwedenplatz
67%
Seestadt
67%
Siebenhirten
67%
Simmering
67%
Donauinsel
60%
Heiligenstadt
60%
Hütteldorf
60%
Stadion
60%
Volkstheater
60%
Alte Donau
53%
Enkplatz
53%
Erdberg
53%
Friedensbrücke
53%
Handelskai
53%
Herrengasse
53%
Längenfeldgasse
53%
Leopoldau
53%
Meidling Hauptstraße
53%
Neubaugasse
53%
Pilgramgasse
53%
Reumannplatz
53%
Roßauer Lände
53%
Spittelau
53%
Taborstraße
53%
Währinger Straße - Volksoper
53%
Aspernstraße
47%
Bahnhof Meidling
47%
Dresdner Straße
47%
Gumpendorfer Straße
47%
Johnstraße
47%
Kaisermühlen - VIC
47%
Keplerplatz
47%
Krieau
47%
Margaretengürtel
47%
Michelbeuern - AKH
47%
Nestroyplatz
47%
Nussdorfer Straße
47%
Ober St.Veit
47%
Stadtpark
47%
Stubentor
47%
Unter St.Veit
47%
Zieglergasse
47%
Alaudagasse
40%
Alser Straße
40%
Alterlaa
40%
Altes Landgut
40%
Donaumarina
40%
Gasometer
40%
Hietzing
40%
Jägerstraße
40%
Kagran
40%
Kagraner Platz
40%
Kettenbrückengasse
40%
Neue Donau
40%
Neulaa
40%
Schlachthausgasse
40%
Taubstummengasse
40%
Am Schöpfwerk
33%
Braunschweiggasse
33%
Burggasse - Stadthalle
33%
Donaustadtbrücke
33%
Hütteldorfer Straße
33%
Josefstädter Straße
33%
Kardinal-Nagl-Platz
33%
Kendlerstraße
33%
Rochusgasse
33%
Schwegler Straße
33%
Thaliastraße
33%
Zippererstraße
33%
Aderklaaer Straße
27%
Aspern Nord
27%
Erlaaer Straße
27%
Großfeldsiedlung
27%
Hausfeldstraße
27%
Niederhofstraße
27%
Perfektastraße
27%
Stadlau
27%
Troststraße
27%
Vorgartenstraße
27%
Donauspital
20%
Lina-Loos-Platz
20%
Rennbahnweg
20%
Tscherttegasse
20%
Hardeggasse
7%
No matching quizzes found
Score Distribution
Percent of People with Each Score
Percentile by Number Answered
Your Score History
You have not taken this quiz since the last reset